White 2115 - Rockstar: Do zachodu słońca - Statystyki

Ogólne statystyki
  • Ten quiz został rozwiązany 91 razy
  • Średni wynik to 13 z 16
Statystyki odpowiedzi
Numer Tytuł Gość % Poprawnych
5 Do zachodu słońca
91%
1 Wschód (Intro)
90%
14 Zachód (Outro)
90%
4 Kap kap Szpaku
89%
9 David Chivas & Mr. Polska
86%
6 Johnny Knoxville Felivers
84%
3 Morgan
83%
8 Oh oh (lalala) Mata
81%
15 Hel
74%
7 Porsche
74%
16 2020
73%
2 Papieros
73%
13 Skrywam
70%
10 Jesteśmy tu
67%
11 Krzyki na blokach
67%
12 Parę K Białas
66%
Nie znaleziono quizów pasujących do podanych kryteriów
Rozkład punktacji
Procent ludzi z każdym wynikiem
Percentyl według liczby udzielonych odpowiedzi
Twoja historia wyników
Nie rozwiązałeś tego quizu